Vista normal
Vista MARC
Entrada Personal Name
Número de registros utilizados en: 1
001 - CONTROL NUMBER
- control field: 47107
003 - CONTROL NUMBER IDENTIFIER
- control field: OSt
005 - DATE AND TIME OF LATEST TRANSACTION
- control field: 20241126085625.0
008 - FIXED-LENGTH DATA ELEMENTS
- fixed length control field: 241126|| aca||aabn | a|a d
040 ## - CATALOGING SOURCE
- Original cataloging agency: OSt
- Transcribing agency: OSt
100 ## - HEADING--PERSONAL NAME
- Personal name: Gabriel,
- Dates associated with a name: 1928 - 2014 Garcia Marquez
670 ## - SOURCE DATA FOUND
- Source citation: Work cat.: (OSt)41687: Gabriel, 1928 - 2014 Garcia Marquez, El abogado más hermoso del mundo